| 000 | 01008 a2200253 4500 | ||
|---|---|---|---|
| 999 |
_c8741 _d8741 |
||
| 020 | _a9780199057184 (pbk.) | ||
| 050 | 0 | 0 | _aKTL 469 AFR 2014 |
| 245 | 0 | 0 |
_aAfrican customary law in South Africa : _bpost-apartheid and living law perspectives : private law / _cChuma Himonga (editor), Thandabantu Nhlapo (editor) ; I. P. Maithufi, Sindiso Mnisi Weeks, Lesala Mofokeng, Dial Ndima. |
| 264 | 1 |
_aCape Town, South Africa : _bOxford University Press Southern Africa, _c[2014] |
|
| 300 |
_axxviii, 304 pages : _billustrations ; |
||
| 500 | _aIncludes index | ||
| 504 | _aIncludes bibligraphic references | ||
| 650 | 0 | _aCustomary law | |
| 650 | 0 |
_aBlacks _xLegal status, laws, etc. |
|
| 650 | 7 | _aCustomary law. | |
| 651 | 7 | _aSouth Africa. | |
| 700 | 1 |
_aHimonga, Chuma N., _eeditor. |
|
| 700 | 1 |
_aNhlapo, Ronald Thandabantu, _eeditor. |
|
| 700 | 1 | _aMaithufi, I.P. | |
| 700 | 1 |
_aWeeks, Sindiso Mnisi, _d1980- |
|
| 700 | 1 | _aMofokeng, Lesala L. | |
| 700 | 1 | _aNdima, Dial Dayana | |
| 942 |
_2lcc _cBK _h469 _iAFR _kKTL |
||